Quiz o Polsce - Statystyki

Ogólne statystyki
  • Ten quiz został rozwiązany 23 razy
  • Średni wynik to 7 z 7
Statystyki odpowiedzi
Hint Odpowiedź % Poprawnych
ilość województw 16
100%
ilość mieszkańców (miliony) 38
100%
chrzest (rok) 966
100%
zachodni sąsiad niemcy
100%
największe miasto warszawa
100%
najważniejszy polski piłkarz robert lewandowski
94%
papież jan paweł II
88%
Nie znaleziono quizów pasujących do podanych kryteriów
Rozkład punktacji
Procent ludzi z każdym wynikiem
Percentyl według liczby udzielonych odpowiedzi
Twoja historia wyników
Nie rozwiązałeś tego quizu